000 00305nam a22001337a 4500
008 170929b xxu||||| |||| 00| 0 eng d
020 _a9780805014983
041 _aeng
080 _a37
100 _a47
101 _aEDU
245 _aCONVERSATIONAL GERMAN IN 20 LESSONS
_cCORTINA,D.L
942 _2udc
_cBK
999 _c30838
_d30838